Sports Quiz

Random Sports Quiz

Colleges of Super Bowl QBs Quiz Stats

 Plays Quiz not verified by Sporcle

Support Sporcle.
Go Orange.
Score 0/40 Timer 05:00
0 Plays Today
No. of Super Bowls started College % Correct
4Michigan
99.3%
2Tennessee
98.6%
7Notre Dame
94.9%
1Mississippi
94.9%
7Stanford
94.6%
6Purdue
94.6%
4California
94.6%
4Miami, FL
94.2%
3Miami, OH
94.2%
4UCLA
90.5%
1Florida
90.2%
4Alabama
89.8%
1Syracuse
88.8%
1Pittsburgh
88.5%
2BYU
86.8%
2Southern Miss
85.1%
1Washington
84.1%
4Navy
83.4%
1Penn St
80%
2Washington St
77.6%
No. of Super Bowls started College % Correct
1Boston College
74.2%
3Northern Iowa
69.5%
1Alcorn St
63.4%
3Georgia
61.4%
2Maryland
60.7%
1Florida St
60.7%
4Louisiana Tech
58.3%
1Louisville
49.5%
1Illinois
47.8%
1Grambling
44.4%
1West Virginia
43.7%
1Fresno St
39%
1Louisiana Lafayette
36.6%
1Nebraska
35.3%
1Delaware
32.2%
1Morehead St
30.8%
1Michigan State
26.1%
1Youngstown St
17.3%
1Augustana
6.1%
1NE Louisiana
5.8%

You're not logged in!

Compare scores with friends on all Sporcle quizzes.
OR
Log In

From the Vault

Fortnite Battle Royale Map (Season 4)

by ConorRM

When you get them all, don't forget to do a victory dance.
Remove Ads.
Support Sporcle.
Get the best of Sporcle when you Go Orange. This ad-free experience offers more features, more stats, and more fun while also helping to support Sporcle. Thank you for becoming a member.

Show Comments

Extras

Created Feb 6, 2011ReportNominate
Tags:NCAA Football, Super Bowl

Top Quizzes Today


Score Distribution

Your Account Isn't Verified!

In order to create a playlist on Sporcle, you need to verify the email address you used during registration. Go to your Sporcle Settings to finish the process.

Report this User

Report this user for behavior that violates our Community Guidelines.

Details: